000 00570nam a2200241Ia 4500
008 210210b2011 xxu||||| |||| 00| 0 eng d
020 _a9788126146390
041 _aeng
082 _a658.152 BHAW
100 _aBHALLA (V K)
245 _aWorking capital management Rev Ed 13
_bText and cases
250 _a
260 _aND
_bAnmol Publications
_c2011
300 _axvi,971
650 _aWorking
650 _aText
650 _amanagement
650 _acases
650 _acapital
650 _aand
690 _aFinancial Management
906 _a067398
999 _c150641
_d150641